[Event "NZL-ch Rapid op 132nd"]
[Site "Wellington"]
[Date "2025.01.12"]
[Round "7"]
[White "Malcolm, Leo"]
[Black "Mayer, Uri"]
[Result "1-0"]
[WhiteElo "1793"]
[BlackElo "1600"]
[PlyCount "65"]
[EventDate "2025.01.11"]
[EventType "swiss (rapid)"]
[EventRounds "9"]
[EventCountry "NZL"]
[SourceTitle "CB03_2025"]
[SourceDate "2025.01.15"]
[SourceVersion "1"]
[SourceVersionDate "2025.01.15"]
[SourceQuality "1"]

1. e4 c5 2. d4 cxd4 3. c3 dxc3 4. Nxc3 Nc6 5. Nf3 e6 6. Bc4 Bb4 7. 0-0 a6 8. Qe2 b5 9. Bb3 Nge7 10. Rd1 0-0 11. Bg5 h6 12. Bh4 Qb6 13. Bg3 Rd8 14. Bd6 Bxd6 15. Rxd6 Qc7 16. Rad1 Na5 17. Ne5 Nxb3 18. axb3 f6 19. Ng4 b4 20. Na4 Nd5 21. e5 f5 22. Ne3 Nxe3 23. Qxe3 Bb7 24. Qd4 Bc6 25. Nc5 Bd5 26. Qxb4 Rab8 27. Qd4 Qc8 28. Rc1 Bc6 29. Rc3 a5 30. Qc4 Rb4 31. Qd3 Qa8 32. f3 Qa7 33. Rxc6 1-0

[Event "NZL-ch Rapid op 132nd"]
[Site "Wellington"]
[Date "2025.01.12"]
[Round "5"]
[White "Tao, Junqing Jerome"]
[Black "Malcolm, Leo"]
[Result "1-0"]
[WhiteElo "1690"]
[BlackElo "1793"]
[PlyCount "156"]
[EventDate "2025.01.11"]
[EventType "swiss (rapid)"]
[EventRounds "9"]
[EventCountry "NZL"]
[SourceTitle "CB03_2025"]
[SourceDate "2025.01.15"]
[SourceVersion "1"]
[SourceVersionDate "2025.01.15"]
[SourceQuality "1"]

1. e4 c5 2. Nf3 Nc6 3. d4 cxd4 4. Nxd4 Nf6 5. Nc3 e5 6. Ndb5 d6 7. Bg5 a6 8. Na3 b5 9. Nd5 Be7 10. Nxe7 Nxe7 11. Bd3 d5 12. Bxf6 gxf6 13. Qe2 b4 14. Nb1 f5 15. f3 f4 16. Nd2 f6 17. 0-0-0 d4 18. Nc4 Be6 19. g3 fxg3 20. hxg3 Qc7 21. Rh6 Ng6 22. Rdh1 0-0-0 23. Nd2 a5 24. f4 exf4 25. gxf4 Nxf4 26. Ba6+ Kb8 27. Qb5+ Ka7 28. Rxf6 d3 29. Qa4 Kxa6 30. Rhh6 Ne2+ 31. Kd1 Qxc2+ 32. Qxc2 dxc2+ 33. Kxc2 Nd4+ 34. Kb1 Kb7 35. Nb3 Nxb3 36. Rxe6 Nc5 37. Re5 Rd1+ 38. Kc2 Rc1+ 39. Kd2 Rd8+ 40. Ke2 Rc2+ 41. Ke3 Rd3+ 42. Kf4 Rd7 43. Ke3 Rg7 44. Kf3 Rf7+ 45. Ke3 Rxb2 46. Rxc5 Rxa2 47. Rb5+ Ka7 48. Rbb6 Ra3+ 49. Ke2 b3 50. Ra6+ Kb7 51. Rab6+ Kc7 52. Rhc6+ Kd7 53. Rd6+ Ke7 54. Re6+ Kf8 55. Rb8+ Kg7 56. Re5 Rc7 57. Rg5+ Kh6 58. Rg1 Rc2+ 59. Kd3 Rh2 60. Rb6+ Kh5 61. Rb5+ Kh4 62. Rf5 b2+ 63. Kd4 h5 64. Rgg5 Kh3 65. Rxh5+ Kg2 66. Rxh2+ Kxh2 67. Rf2+ Kg3 68. Rxb2 Kf4 69. Rf2+ Kg5 70. e5 Ra1 71. e6 Re1 72. Kd5 a4 73. Kd6 Rd1+ 74. Kc7 Re1 75. Kd7 Rd1+ 76. Ke8 a3 77. e7 a2 78. Rxa2 Kg6 1-0

[Event "NZL-ch Rapid op 132nd"]
[Site "Wellington"]
[Date "2025.01.11"]
[Round "4"]
[White "Malcolm, Leo"]
[Black "Garbett, Paul Anthony"]
[Result "0-1"]
[WhiteElo "1793"]
[BlackElo "2201"]
[PlyCount "89"]
[EventDate "2025.01.11"]
[EventType "swiss (rapid)"]
[EventRounds "9"]
[EventCountry "NZL"]
[SourceTitle "CB03_2025"]
[SourceDate "2025.01.15"]
[SourceVersion "1"]
[SourceVersionDate "2025.01.15"]
[SourceQuality "1"]

1. Nf3 d5 2. g3 c5 3. Bg2 Nc6 4. 0-0 e5 5. d3 Be7 6. Nbd2 Be6 7. e4 d4 8. a4 h5 9. Nc4 f6 10. Nh4 Qd7 11. f4 Bg4 12. Bf3 exf4 13. gxf4 Bxf3 14. Qxf3 0-0-0 15. Ng6 Rh7 16. f5 Bd6 17. Bd2 Nge7 18. Bf4 Bxf4 19. Nxf4 Rg8 20. a5 g6 21. a6 b5 22. Na5 Ne5 23. Qh1 gxf5+ 24. Kf2 Ng4+ 25. Ke2 Re8 26. exf5 Nd5+ 27. Kd2 Nge3 28. Ne6 Rxe6 29. fxe6 Qxe6 30. Rf3 Re7 31. Re1 Qb6 32. Ra1 c4 33. Qg1 Ng4 34. h3 c3+ 35. Kc1 Qe6 36. Rf1 Nge3 37. Re1 b4 38. Nc4 cxb2+ 39. Kxb2 Nxc4+ 40. dxc4 Ne3 41. Qh1 Kb8 42. Rxe3 dxe3 43. Rd1 Rd7 44. Rxd7 Qxd7 45. Qe4 0-1

[Event "Wellington CC Summer Cup"]
[Site "Wellington"]
[Date "2023.02.18"]
[Round "2"]
[White "Malcolm, Leo"]
[Black "Dive, Russell John"]
[Result "0-1"]
[WhiteElo "1777"]
[BlackElo "2350"]
[PlyCount "56"]
[EventDate "2023.02.10"]
[EventType "swiss"]
[EventRounds "8"]
[EventCountry "NZL"]
[SourceTitle "EXT 2025"]
[Source "ChessBase"]
[SourceDate "2024.10.14"]
[SourceVersion "1"]
[SourceVersionDate "2024.10.14"]
[SourceQuality "1"]

1. e4 c6 2. Nc3 d5 3. Qf3 dxe4 4. Nxe4 Nd7 5. d4 Ndf6 6. c3 Bg4 7. Nxf6+ Nxf6 8. Qf4 e6 9. Nf3 Bd6 10. Ne5 0-0 11. f3 Bf5 12. g4 Bg6 13. h4 Nd5 14. Qd2 f6 15. Nxg6 Bg3+ 16. Kd1 hxg6 17. h5 g5 18. Qc2 f5 19. Qg2 Bf4 20. h6 g6 21. Bc4 Kh7 22. Bxd5 Qxd5 23. Bxf4 gxf4 24. g5 e5 25. Re1 Rae8 26. Kc2 e4 27. Qh2 Qd6 28. Re3 Qb8 0-1

[Event "NZL-ch op-B 130th"]
[Site "Wellington"]
[Date "2023.01.07"]
[Round "6"]
[White "Malcolm, Leo"]
[Black "Cooke, Xandi"]
[Result "0-1"]
[WhiteElo "1777"]
[BlackElo "1612"]
[PlyCount "78"]
[EventDate "2023.01.02"]
[EventType "swiss"]
[EventRounds "9"]
[EventCountry "NZL"]
[SourceTitle "CBM 212 Extra"]
[Source "ChessBase"]
[SourceDate "2023.03.31"]
[SourceVersion "1"]
[SourceVersionDate "2023.03.31"]
[SourceQuality "1"]

1. f3 d5 2. Kf2 Nc6 3. e3 Nf6 4. d4 a6 5. c4 dxc4 6. Bxc4 e6 7. Nc3 Bb4 8. Nge2 0-0 9. e4 b5 10. Bb3 Bb7 11. h4 h6 12. Bc2 e5 13. d5 Ne7 14. h5 c6 15. dxc6 Qxd1 16. Nxd1 Nxc6 17. Be3 Rfd8 18. a3 Ba5 19. b4 Bc7 20. Nb2 a5 21. Nd3 axb4 22. Nxb4 Bd6 23. Nc3 Bxb4 24. axb4 Nxb4 25. Bd1 Rxa1 26. Ke2 Ba6 27. g4 Nc6 28. Kf2 b4 29. g5 Nxh5 30. Nd5 Ra2+ 31. Ke1 hxg5 32. Rxh5 Rg2 33. Bxg5 Rg1+ 34. Kd2 Rd7 35. Kc2 f6 36. Be3 b3+ 37. Kd2 Rg2+ 38. Kc3 b2 39. Bb3 b1N# 0-1

[Event "Wellington Mazur Memorial"]
[Site "Wellington"]
[Date "2022.08.11"]
[Round "3"]
[White "Malcolm, Leo"]
[Black "McConnell, Jack1"]
[Result "0-1"]
[WhiteElo "1873"]
[BlackElo "1411"]
[PlyCount "150"]
[EventDate "2022.07.28"]
[EventType "swiss"]
[EventRounds "8"]
[EventCountry "NZL"]
[SourceTitle "EXT 2025"]
[Source "ChessBase"]
[SourceDate "2024.10.14"]
[SourceVersion "1"]
[SourceVersionDate "2024.10.14"]
[SourceQuality "1"]

1. g4 d5 2. Bg2 Bxg4 3. c4 e6 4. Qa4+ Qd7 5. Qb3 c6 6. cxd5 cxd5 7. Nc3 Nf6 8. d4 Nc6 9. Qa4 Nb4 10. Qd1 Bf5 11. Kf1 Be7 12. Nf3 0-0 13. Ne5 Qd8 14. Bf4 a6 15. a3 Nc6 16. Nxc6 bxc6 17. h4 Nh5 18. Bg5 Bxg5 19. hxg5 Qxg5 20. e4 Nf4 21. Rg1 dxe4 22. Nxe4 Bxe4 23. Bxe4 Qb5+ 24. Ke1 Qxb2 25. Rb1 Qc3+ 26. Kf1 f5 27. Rc1 Qh3+ 28. Bg2 Nxg2 29. Rxg2 Rf6 30. Kg1 Rh6 31. f3 Qh1+ 32. Kf2 Qxd1 33. Rxd1 Rb8 34. Ke3 Rb3+ 35. Kf4 Rxa3 36. Rb1 Kf7 37. Rb7+ Kf6 38. Rgxg7 Rh4+ 39. Kg3 Rxd4 40. Rxh7 Rdd3 41. Rb6 Rxf3+ 42. Kg2 Rfc3 43. Rb2 Rg3+ 44. Kh2 Rgc3 45. Rh6+ Ke5 46. Re2+ Re3 47. Rc2 Kf4 48. Rh4+ Ke5 49. Rhc4 Rh3+ 50. Kg2 Rag3+ 51. Kf2 Ra3 52. Kg2 a5 53. Rxc6 Rh4 54. R6c5+ Kf6 55. Rc1 Rha4 56. Rc6 Ra1 57. R1c5 R4a2+ 58. Kf3 Ra3+ 59. Kg2 Rb3 60. Rc2 Re3 61. Kf2 f4 62. Rc8 e5 63. R2c6+ Kf5 64. Rf8+ Ke4 65. Rc2 Kd3 66. Rb2 Kc3 67. Rfb8 a4 68. R2b7 Ra2+ 69. Kf1 Rf3+ 70. Kg1 e4 71. Rd8 Rd3 72. Rc8+ Kd2 73. Rb1 f3 74. Rf8 Rc2 75. Rb4 Kc1 0-1